[Event "ISL-ch op"]
[Site "Reykjavik"]
[Date "2013.06.01"]
[Round "3"]
[White "Bjarnason, Saevar"]
[Black "Henner, Peter W"]
[Result "0-1"]
[WhiteElo "2130"]
[BlackElo "1837"]
[PlyCount "124"]
[EventDate "2013.05.31"]
[EventType "swiss"]
[EventRounds "10"]
[EventCountry "ISL"]
[SourceTitle "CBM 154 Extra"]
[Source "ChessBase"]
[SourceDate "2013.06.25"]
[SourceVersion "2"]
[SourceVersionDate "2013.06.25"]
[SourceQuality "1"]

1. Nf3 Nf6 2. g3 g6 3. b3 Bg7 4. Bb2 0-0 5. Bg2 d5 6. 0-0 Bf5 7. c4 c6 8. d3 Na6 9. Nbd2 Qd7 10. Re1 Bh3 11. Bh1 dxc4 12. Nxc4 Rfd8 13. Nce5 Qc7 14. Ng5 Be6 15. Nxe6 fxe6 16. Qd2 Nc5 17. Qc2 Ncd7 18. f4 Qb6+ 19. e3 Nxe5 20. Bxe5 Nd5 21. Bxg7 Kxg7 22. d4 Rac8 23. Rac1 Nb4 24. Qd2 Rd6 25. a3 Na6 26. b4 Rcd8 27. Red1 Nc7 28. Bg2 Ne8 29. Rc5 Qa6 30. Rdc1 Nf6 31. b5 cxb5 32. Qb4 Nd5 33. Qb3 b6 34. Rxb5 Rc8 35. Rxc8 Qxc8 36. a4 Qc3 37. Qxc3 Nxc3 38. Rb4 Nd5 39. Rb3 Rc6 40. Be4 Rc4 41. Ra3 Kf8 42. Bd3 Rc7 43. e4 Nb4 44. Bb5 a6 45. Bd3 Nxd3 46. Rxd3 Rc4 47. a5 b5 48. Kf2 Ra4 49. Rc3 Rxa5 50. Rc6 Kf7 51. e5 b4 52. Rb6 Ra2+ 53. Ke3 a5 54. h4 Ra3+ 55. Ke4 Rxg3 56. Ra6 Ra3 57. Rb6 b3 58. d5 Ra4+ 59. Ke3 exd5 60. h5 Re4+ 61. Kf3 Rb4 62. hxg6+ hxg6 0-1

[Event "Colonie op"]
[Site "Colonie"]
[Date "2003.02.02"]
[Round "4"]
[White "Henner, Peter W"]
[Black "Townsend, William T"]
[Result "0-1"]
[WhiteElo "1844"]
[BlackElo "1944"]
[PlyCount "127"]
[EventDate "2003.01.31"]
[EventType "swiss"]
[EventRounds "5"]
[EventCountry "USA"]
[SourceTitle "EXT 2008"]
[Source "ChessBase"]
[SourceDate "2007.11.25"]
[SourceVersion "1"]
[SourceVersionDate "2007.11.25"]
[SourceQuality "1"]

1. e4 e6 2. d4 d5 3. exd5 exd5 4. Bd3 Nc6 5. Nf3 Bd6 6. 0-0 Bg4 7. c3 Nge7 8. Nbd2 Qd7 9. Qc2 Bf5 10. Bxf5 Qxf5 11. Qxf5 Nxf5 12. Re1+ Kd7 13. Ne5+ Bxe5 14. dxe5 Rae8 15. Nf3 f6 16. g4 Nfe7 17. exf6 gxf6 18. Kf1 Ng6 19. Bh6 Nce5 20. Nxe5+ fxe5 21. Rad1 c6 22. Rd3 e4 23. Rh3 Re7 24. Be3 b6 25. f4 exf3 26. Rxf3 Ne5 27. Rg3 Rf8+ 28. Kg2 Nd3 29. Rb1 Nf4+ 30. Bxf4 Rxf4 31. Kh3 Re2 32. Rg2 Rf3+ 33. Rg3 Rff2 34. Kh4 Rxh2+ 35. Rh3 Rxh3+ 36. Kxh3 Ke6 37. Kg3 a5 38. Kf3 Rh2 39. Kf4 a4 40. a3 Kd6 41. Kg3 Re2 42. g5 b5 43. Rh1 Rxb2 44. Rxh7 Rb3 45. g6 Rxc3+ 46. Kf2 Ke6 47. Rc7 Rc2+ 48. Kf3 Kd6 49. Ra7 Rc1 50. Kf2 Rc4 51. Kf3 Re4 52. g7 Re8 53. Kg4 Rg8 54. Kf5 Kc5 55. Kf6 Rxg7 56. Rxg7 d4 57. Ke5 Kc4 58. Rc7 c5 59. Rd7 d3 60. Ke4 b4 61. axb4 cxb4 62. Rxd3 a3 63. Rd4+ Kb3 64. Rd3+ 0-1